| 000 | 01520nam a2200313Ia 4500 | ||
|---|---|---|---|
| 003 | OSt | ||
| 005 | 20210104133034.0 | ||
| 008 | 191128t1980 mx aod gr 000 0 spa d | ||
| 020 | _a9686062459 | ||
| 040 |
_aCO-JMCR _cCO-JMCR |
||
| 041 | 1 |
_aspa _heng |
|
| 082 | 0 | 4 |
_a658.542 / _bN665i _223 |
| 100 | 1 |
_aNiebel, Benjamín Willard, _eautor _912616 |
|
| 245 | 1 | 0 |
_aIngeniería industrial : _bestudio de tiempos y movimientos / _cBenjamin W. Niebel ; traducción Oscar Rodríguez Ballesteros, Ma. Dolores García Díaz ; revisión y adaptación técnica Francisco Paniagua Bocanegra |
| 250 | _aSegunda edición | ||
| 260 |
_aMéxico : _bRepresentaciones y servicios de ingeniería, _c©1980 |
||
| 300 |
_axii, 680 páginas : _bfotografías y gráficos a blanco y negro ; _c23 cm. |
||
| 504 | _aBibliografía al final de cada capítulo. | ||
| 505 | 0 | _aLos métodos, los estudios de tiempos y los sistemas de pago de salarios en la actualidad -- Desarrollo del estudio de tiempos y movimientos -- Medios gráficos del analista de métodos -- Análisis de operaciones -- Análisis de operaciones (continuación) | |
| 534 | _pMotion and time study | ||
| 546 | _aTraducido del inglés | ||
| 650 | 1 | 4 |
_aAnálisis ocupacional _912610 |
| 650 | 1 | 4 |
_aSalarios _92561 |
| 650 | 1 | 4 |
_aMedición del trabajo _912611 |
| 700 | 1 |
_aRodríguez Ballesteros, Oscar, _etraductor _912617 |
|
| 700 | 1 |
_aGarcía Díaz, Ma. Dolores, _etraductora _912618 |
|
| 700 | 1 |
_aPaniagua Bocanegra, Francisco, _erevisor _912619 |
|
| 942 |
_2ddc _cBK |
||
| 999 |
_c6187 _d6187 |
||